Fluid mechanics

Đã lưu trong:
Chi tiết về thư mục
Tác giả chính: MOHANTY, A.K
Định dạng: Sách
Ngôn ngữ:Tiếng Anh
Được phát hành: PHI Learning 2016
Các nhãn: Thêm thẻ
Không có thẻ, Là người đầu tiên thẻ bản ghi này!

MARC

LEADER 00000nam a22000007a 4500
008 240527b |||||||| |||| 00| 0 eng d
020 |a 9788120308947 
100 |a MOHANTY, A.K. 
245 |a Fluid mechanics  |c /A.K. Mohanty  |g xii,530p 
250 |b 2nd 
260 |b PHI Learning  |c 2016  |h New Delhi  |i 701717  |i 701718  |i 701719  |l TA357.M72  |m Fluid mechanics 
500 |a it includes index 
942 |a lcc  |c BK  |e Johnson  |f 27/05/24 
952 |0 0  |1 0  |2 lcc  |4 0  |6 TA0357 M72  |7 0  |9 5152  |a TL  |b HOL  |c QZ  |d 2024-05-27  |l 0  |o TA357.M72  |p 2024-0398  |r 2024-05-27 00:00:00  |t 701717  |w 2024-05-27  |y BK 
952 |0 0  |1 0  |2 lcc  |4 0  |6 TA0357 M72  |7 0  |9 5153  |a HOL  |b HOL  |c QZ  |d 2024-05-27  |l 0  |o TA357.M72  |p 2024-0399  |r 2024-05-27 00:00:00  |t 701718  |w 2024-05-27  |y BK 
952 |0 0  |1 0  |2 lcc  |4 0  |6 TA0357 M72  |7 0  |9 5154  |a HOL  |b HOL  |c QZ  |d 2024-05-27  |l 0  |o TA357.M72  |p 2024-0400  |r 2024-05-27 00:00:00  |t 701719  |w 2024-05-27  |y BK 
999 |c 2560  |d 2560